| 000 | 01730cam a22004814i 4500 | ||
|---|---|---|---|
| 003 | PE-LiUPU | ||
| 005 | 20250731173117.0 | ||
| 008 | 190923s r 000 0 spa d | ||
| 020 | _a9875678163 | ||
| 020 | _a9789875678163 | ||
| 035 | _a(Sirsi) a252574 | ||
| 040 |
_aPE-LiUPU _bspa _cPE-LiUPU _erda |
||
| 041 | 1 |
_aspa _heng |
|
| 082 | 0 | 4 |
_a286 _bD31 _220 |
| 100 | 1 |
_aDavidson, Jo Ann, _eautor. |
|
| 245 | 1 | 0 |
_aFulgores de Dios / _cJo Ann Davidson. |
| 264 | 1 |
_aFloridad : _b Asociación Casa Editora Sudamenricana, _c2011. |
|
| 300 |
_a176 páginas ; _c20 centímetros |
||
| 336 |
_atext _2rdacontent |
||
| 337 |
_aunmediated _2rdamedia |
||
| 338 |
_avolume _2rdacarrier |
||
| 505 | 0 | _aIntroducción -- Dios es un autor -- Dios es santo , santo -- Dios es tres personas -- Dios, es legislador -- Señor del sábado -- Dios ora a Dios -- Aquí viene el juez -- Dios en guerra -- Dios es roméntico -- Dios es un artista -- Dios inventó a los niños: los ama -- Al creador le gusta este lugar -- El Dios del futuro. | |
| 526 | _aSEG42 | ||
| 526 | _aSEG41 | ||
| 526 | _aSEG40 | ||
| 526 | _aSEG39 | ||
| 526 | _aP94 | ||
| 526 | _aP87 | ||
| 526 | _aP86 | ||
| 526 | _aP85 | ||
| 526 | _aP77 | ||
| 526 | _aP76 | ||
| 526 | _aP35 | ||
| 534 |
_pTítulo Original : _tGlimpses of our God. |
||
| 650 | 0 | 4 | _aTeología. |
| 650 | 0 | 4 | _aIglesia Adventista. |
| 910 |
_abgr _bjpc _cjpc _d20180305 |
||
| 942 |
_2ddc _cBOOK |
||
| 994 |
_aC0 _bPEPRU |
||
| 596 | _a1 | ||
| 999 |
_a286 D31 _wDEWEY _c31803 _i80697 _f2021-11-11 _g2 _lCCODEBUL1 _mBUL _p14.00 _r0 _sY _tBOOK _u2019-9-23 _xTEOLOGIA _PP35 _0DONACION _o.STAFF. Colección Teología _d31803 |
||
| 980 |
_81 _gALBERTO SANCHEZ Responsable de Automatización |
||